[Event "Schleswig Holstein-ch Seniors"]
[Site "Hanerau"]
[Date "2015.04.01"]
[Round "7"]
[White "Butkereit, Hubert"]
[Black "Harders, Werner"]
[Result "1-0"]
[WhiteElo "1662"]
[BlackElo "1574"]
[PlyCount "33"]
[EventDate "2015.03.28"]
[EventType "swiss"]
[EventRounds "9"]
[EventCountry "GER"]
[SourceTitle "EXT 2018"]
[Source "ChessBase"]
[SourceDate "2017.10.13"]
[SourceVersion "1"]
[SourceVersionDate "2017.10.13"]
[SourceQuality "1"]

1. e4 c6 2. d4 d5 3. e5 e6 4. Nf3 h6 5. Be2 Ne7 6. 0-0 Ng6 7. Nbd2 Nf4 8. g3 Nxe2+ 9. Qxe2 b6 10. Re1 Be7 11. b3 0-0 12. a3 f6 13. c3 f5 14. Nf1 Bd7 15. h3 Be8 16. N3h2 a6 17. f4 1-0